000 00587nam a2200205Ia 4500
005 20250923145029.0
008 008 250917s9999 xx 000 0 eng d
037 _aTextual
040 _aDSWL
_beng
_cDSWL
041 _aeng
_2eng
084 _aX8D62:97K73'N6, N6
_qDSWL
100 _aPerlman, Mark
_9831050
245 4 _aThe machinists
_cby Mark Perlman
260 _aCambridge
_bHarvard University Press
_c1961
300 _ax,233 p.
365 _aUSD
_b7.5
925 _g7.5
942 _cTEXL
_hX8D62:97K73'N6, N6
999 _c1446234
_d1446234